[Event "Pardubice Czech op-E 35th"]
[Site "Pardubice"]
[Date "2024.07.11"]
[Round "1.3"]
[White "Vojta, Jakub"]
[Black "Semancik, David"]
[Result "1-0"]
[WhiteElo "2266"]
[BlackElo "1845"]
[PlyCount "70"]
[EventDate "2024.07.11"]
[EventType "team-swiss"]
[EventRounds "7"]
[EventCountry "CZE"]
[SourceTitle "CBM 221 Extra"]
[Source "ChessBase"]
[SourceDate "2024.09.30"]
[SourceVersion "1"]
[SourceVersionDate "2024.09.30"]
[SourceQuality "1"]
[WhiteTeam "JST"]
[BlackTeam "Rychvald 1945"]
[WhiteTeamCountry "CZE"]
[BlackTeamCountry "CZE"]

1. e4 d5 2. exd5 Qxd5 3. Nc3 Qd8 4. d4 Nf6 5. Bc4 a6 6. Nf3 b5 7. Bb3 c5 8. dxc5 Qxd1+ 9. Nxd1 e6 10. 0-0 Bb7 11. Ne5 Bxc5 12. a4 Nc6 13. Nxc6 Bxc6 14. axb5 axb5 15. Rxa8+ Bxa8 16. Be3 Ne4 17. c3 Bxe3 18. Nxe3 Nd2 19. Ra1 0-0 20. Bc2 Be4 21. Rd1 Bxc2 22. Rxd2 Bb3 23. Rd4 Rc8 24. Rb4 Bc4 25. Nxc4 bxc4 26. f4 Kf8 27. Kf2 Rd8 28. Ke3 Rc8 29. g4 Ke7 30. h4 f6 31. Rb7+ Kf8 32. Kd4 Rc6 33. Rb4 Ke7 34. Rxc4 e5+ 35. fxe5 fxe5+ 1-0

[Event "Ostrava Konik op"]
[Site "Ostrava"]
[Date "2014.05.03"]
[Round "8"]
[White "Semancik, David"]
[Black "Mikulencak, Jan"]
[Result "1-0"]
[WhiteElo "1721"]
[BlackElo "1834"]
[PlyCount "91"]
[EventDate "2014.04.26"]
[EventType "swiss"]
[EventRounds "9"]
[EventCountry "CZE"]
[SourceTitle "CBM 160 Extra"]
[Source "ChessBase"]
[SourceDate "2014.07.01"]
[SourceVersion "1"]
[SourceVersionDate "2014.07.01"]
[SourceQuality "1"]

1. e4 e5 2. Nf3 Nf6 3. Nc3 d6 4. Bc4 Be6 5. Bb3 Be7 6. 0-0 0-0 7. d4 Bxb3 8. axb3 Nbd7 9. Qe2 a6 10. Bd2 c5 11. d5 Ne8 12. Nd1 Nc7 13. c4 f5 14. exf5 Rxf5 15. Ne3 Rf7 16. Nd1 Ne8 17. Nc3 Qb6 18. Na4 Qc7 19. Nc3 Nf8 20. Ne4 h6 21. Ne1 Qd7 22. Nd3 Bd8 23. f4 exf4 24. Rxf4 Rxf4 25. Nxf4 Bg5 26. Nxg5 hxg5 27. Ne6 Nxe6 28. dxe6 Qe7 29. Re1 Nc7 30. Qg4 Qf6 31. Bxg5 Qg6 32. h4 Rf8 33. e7 Re8 34. Qd7 Na8 35. Qxb7 Kh7 36. Qxa6 Nc7 37. Qc6 Na8 38. Rf1 d5 39. Qxd5 Nc7 40. Qxc5 Ne6 41. Qe5 Nxg5 42. hxg5 Qb6+ 43. c5 Qxb3 44. g6+ Kxg6 45. Qf5+ Kh6 46. Rf3 1-0